| 000 | 01240nac a22003011u 4500 | ||
|---|---|---|---|
| 999 |
_c7024 _d7024 |
||
| 003 | EG-ScBUE | ||
| 005 | 20210315113351.0 | ||
| 008 | 200219s2006 ii f 000 d eng d | ||
| 020 | _a817581246X | ||
| 040 |
_aEG-ScBUE _beng _erda _cEG-ScBUE _dEG-ScBUE |
||
| 082 | 0 | 4 |
_a822.33 _bSHA _222 |
| 100 | 1 |
_aShakespeare, William, _d1564-1616, _eauthor. |
|
| 245 | 1 | 0 |
_aAntony and Cleopatra : _c[edited with a critical synopsis, complete paraphrase of the text, short answer type questions, reference to context and university questions with answers] / _bWilliam Shakespeare, Subhash Bisharia, M.A., Department of English, C.M.S. College (Chowk), Lucknow. |
| 250 | _aThird edition. | ||
| 264 | 1 |
_aNew Delhi : _bRama Brothers India Pvt.Ltd., _c2006. |
|
| 300 |
_ax, 470 pages ; _c21 cm |
||
| 336 |
_2rdacontent _atext _btxt |
||
| 337 |
_2rdamedia _aunmediated _bn |
||
| 338 |
_2rdacarrier _avolume _bnc |
||
| 500 | _adistributer: Al-Ahram | ||
| 600 | 1 | 7 |
_aAntonius, Marcus, _d83 B.C.?-30 B.C. _vDrama. _2BUEsh |
| 600 | 0 | 7 |
_aCleopatra, _cQueen of Egypt, _d30 B.C. _vDrama. _2BUEsh _924338 |
| 651 | _2BUEsh | ||
| 653 |
_bHHUUEENN _cMarch2021 |
||
| 655 |
_vReading book _934232 |
||
| 700 | 1 |
_aBisharia, Subhash, _eauthor. |
|
| 942 |
_cBB _k822.33SHA _2ddc |
||